Geography Alphabet #2 - Statistics

General Stats
  • This quiz has been taken 57 times
  • The average score is 16 of 24
Answer Stats
What... Answer % Correct
B is the largest country in South America? Brazil
98%
A is the term for air surrounding the Earth? Atmosphere
94%
J is a Caribbean island in the Commonwealth? Jamaica
94%
R is an EU country bordering the Black Sea? Romania
94%
E is the name of the line of zero latitude? Equator
91%
L was the home of the Beatles? Liverpool
91%
U is an American state? Utah
91%
F is a Pacific island group? Fiji
89%
I sank the Titanic? Iceberg
89%
T is the island just south of Australia? Tasmania
87%
V is the large Canadian island & city named after an explorer? Vancouver
85%
Z is the metal used for galvanising? Zinc
74%
Y is a river on which the Three Gorges Dam was built? Yangtze
72%
O is a material from which we obtain metal? Ore
68%
W is a point on a river where it drops almost vertically? Waterfall
68%
D is the capital of the Northern Territory of Australia? Darwin
62%
P is the homeland of Paddington Bear? Peru
62%
C is the rock forming the White Cliffs of Dover? Chalk
51%
N is a county in East Anglia? Norfolk
34%
S is a feature growing down from the roof of a cave? Stalactite
32%
M is a type of rock changed by heat? Metamorphic
30%
G is rainwater which is moving through the rocks? Groundwater
13%
K is the term applied to limestone features? Karst
6%
Q is the name given to a sampling frame used in fieldwork? Quadrat
2%
No matching quizzes found
Score Distribution
Percent of People with Each Score
Percentile by Number Answered
Your Score History
You have not taken this quiz